Textbook of nutrition & health / (Record no. 19407)

MARC details
000 -LEADER
fixed length control field 00944nam a22002537a 4500
008 - FIXED-LENGTH DATA ELEMENTS--GENERAL INFORMATION
fixed length control field 081203t xxu||||| |||| 00| 0 eng d
010 ## - LCCN (DPL NO)
LC control number ENG-91969
020 ## - INTERNATIONAL STANDARD BOOK NUMBER
International Standard Book Number 9788189901561
Terms of availability 795.00
035 ## - SYSTEM CONTROL NUMBER
System control number EN-75502
037 ## - SOURCE OF ACQUISITION
Source of stock number/acquisition DBAD / PUB
040 ## - CATALOGING SOURCE
Original cataloging agency dpl
Language of cataloging English
082 ## - DEWEY DECIMAL CLASSIFICATION NUMBER
Classification number 613.2
100 ## - MAIN ENTRY--PERSONAL NAME
Personal name Lakra, Poonam
245 ## - TITLE STATEMENT
Title Textbook of nutrition & health /
Statement of responsibility, etc by Poonam Lakra [and] Mansi Dass Singh
260 ## - PUBLICATION, DISTRIBUTION, ETC. (IMPRINT)
Place of publication, distribution, etc Delhi
Name of publisher, distributor, etc Academic Excellence
Date of publication, distribution, etc 2008
270 ## - ADDRESS
Address 42 Ekta Apartment, Geeta Colony,
City Delhi
Postal code 110031
300 ## - PHYSICAL DESCRIPTION
Extent viii, 310p.:
Dimensions 24cm (Hb)
Other physical details ill.
500 ## - GENERAL NOTE
General note Includues glossary and bibliographical references
650 ## - SUBJECT ADDED ENTRY--TOPICAL TERM
Topical term or geographic name as entry element Nutrition.
650 ## - SUBJECT ADDED ENTRY--TOPICAL TERM
Topical term or geographic name as entry element Health.
700 ## - ADDED ENTRY--PERSONAL NAME
Personal name Singh, Mansi Dass
942 ## - ADDED ENTRY ELEMENTS (KOHA)
Source of classification or shelving scheme Dewey Decimal Classification
Item type English Books
Call number suffix LAK
Classification part 613.2
Holdings
Withdrawn status Lost status Source of classification or shelving scheme Damaged status Not for loan Collection code Home library Current library Date acquired Source of acquisition Cost, normal purchase price Total Checkouts Full call number Barcode Date last seen Copy number Cost, replacement price Koha item type
    Dewey Decimal Classification   Not For Loan Non-fiction D.B.Act.Division D.B.Act.Division 03/12/2008 DBAD / PUB 795.00   613.2 LAK EN-75502 03/12/2008 1 795.00 English Books

© Delhi Public Library
Hit Counter
free hit counter